[Event "Druga liga CS - Zapad 2018"]
[Site "?"]
[Date "2018.09.07"]
[Round "1.4"]
[White "Gavrilovic, Vladan"]
[Black "Bojovic, Zoran"]
[Result "1-0"]
[WhiteElo "2174"]
[BlackElo "2087"]
[PlyCount "74"]
[EventDate "2018.09.07"]
[WhiteTeam "IVANJICA- Ivanjica"]
[BlackTeam "ZUPA - Aleksandrovac"]

1. d4 d5 2. c4 e6 3. Nf3 c6 4. Nc3 f5 5. Bf4 Nf6 6. e3 Be7 7. Be2 O-O 8. O-O
Bd7 9. h3 Be8 10. c5 Bh5 11. Ng5 Bxe2 12. Qxe2 Qc8 13. a3 h6 14. Nf3 Nbd7 15.
b4 g5 16. Bh2 Ne4 17. Nxe4 dxe4 18. Nd2 Bf6 19. Nc4 Be7 20. Be5 Qe8 21. f3 Qh5
22. Rae1 exf3 23. Rxf3 Nxe5 24. dxe5 Kh8 25. Rxf5 Qxe2 26. Rxf8+ Rxf8 27. Rxe2
Rd8 28. Rd2 Kg7 29. Rxd8 Bxd8 30. Kf2 b5 31. Nd6 a5 32. Kf3 axb4 33. axb4 h5
34. Nc8 g4+ 35. hxg4 Bh4 36. g3 hxg4+ 37. Kxg4 Bd8 1-0

[Event "Druga liga CS - Zapad 2018"]
[Site "?"]
[Date "2018.09.07"]
[Round "1.4"]
[White "Djukic, Sasa"]
[Black "Milikic, Milorad"]
[Result "1-0"]
[WhiteElo "1993"]
[BlackElo "2015"]
[PlyCount "97"]
[EventDate "2018.09.07"]
[WhiteTeam "ZUPA - Aleksandrovac"]
[BlackTeam "IVANJICA- Ivanjica"]

1. d4 e6 2. Nf3 d5 3. c3 Nf6 4. Bg5 Be7 5. Bxf6 Bxf6 6. Nbd2 Nd7 7. e4 dxe4 8.
Nxe4 Be7 9. Bd3 b6 10. Qe2 a5 11. h4 h6 12. g4 Bb7 13. O-O-O c6 14. g5 Qc7 15.
Qe3 O-O-O 16. Rhg1 Kb8 17. Kb1 h5 18. g6 f6 19. Ned2 e5 20. dxe5 Nxe5 21. Nxe5
fxe5 22. Nf3 Bf6 23. Ng5 Bxg5 24. Rxg5 Rd5 25. Be2 Rxd1+ 26. Bxd1 Qd6 27. Qxe5
Qxe5 28. Rxe5 Rf8 29. Rxh5 Rxf2 30. Rh7 c5 31. Rxg7 Be4+ 32. Kc1 Rh2 33. h5 Rh1
34. Kd2 Bb1 35. Rf7 Bxa2 36. b3 a4 37. g7 Rxd1+ 38. Ke3 Rg1 39. Rf8+ Kb7 40.
g8=Q Rxg8 41. Rxg8 Bxb3 42. Rg7+ Ka6 43. h6 Bc2 44. h7 Bxh7 45. Rxh7 b5 46. Kd3
a3 47. Rh8 b4 48. cxb4 cxb4 49. Kc4 1-0

[Event "Druga liga CS - Zapad 2018"]
[Site "?"]
[Date "2018.09.07"]
[Round "1.5"]
[White "Burovic, Ismet"]
[Black "Boskovic, Drasko"]
[Result "1-0"]
[WhiteElo "2332"]
[BlackElo "2441"]
[PlyCount "65"]
[EventDate "2018.09.07"]
[WhiteTeam "TUTIN - Tutin"]
[BlackTeam "SLOBODA - Uzice"]

1. e4 c5 2. d3 g6 3. g3 Bg7 4. Bg2 Nc6 5. f4 d6 6. Nf3 e6 7. O-O Nge7 8. c3 O-O
9. Be3 b6 10. Na3 Bb7 11. Nc2 Qd7 12. Bf2 Rfd8 13. g4 e5 14. f5 d5 15. Bh4 dxe4
16. dxe4 f6 17. g5 fxg5 18. Nxg5 Qxd1 19. Raxd1 Bf6 20. Ne3 Ba6 21. Rfe1 h5 22.
Nd5 Nxd5 23. exd5 Ne7 24. Nf3 Bxh4 25. Nxh4 g5 26. d6 gxh4 27. dxe7 Rxd1 28.
Rxd1 Re8 29. f6 Kf7 30. Rd6 Bc4 31. Bc6 Rg8+ 32. Kf2 Bxa2 33. Rd8 1-0

[Event "Druga liga CS - Zapad 2018"]
[Site "?"]
[Date "2018.09.07"]
[Round "1.5"]
[White "Misailovic, Nebojsa"]
[Black "Ikic, Alija"]
[Result "1-0"]
[WhiteElo "2362"]
[BlackElo "2160"]
[PlyCount "75"]
[EventDate "2018.09.07"]
[WhiteTeam "SLOBODA - Uzice"]
[BlackTeam "TUTIN - Tutin"]

1. e4 d6 2. d4 Nf6 3. Nc3 g6 4. f4 Bg7 5. Nf3 O-O 6. Be2 c5 7. d5 e6 8. O-O
exd5 9. e5 dxe5 10. fxe5 Ng4 11. Bg5 f6 12. exf6 Nxf6 13. Nxd5 Nc6 14. Nxf6+
Bxf6 15. Qxd8 Bxd8 16. Bh6 Re8 17. Bc4+ Kh8 18. Rae1 Rxe1 19. Nxe1 Bf5 20. g4
Ne5 21. gxf5 Nxc4 22. fxg6 hxg6 23. Rf8+ Kh7 24. Bg5 Bxg5 25. Rxa8 a6 26. b3
Nd6 27. Nf3 Bf6 28. Kg2 Kg7 29. Nd2 Kf7 30. Kf3 Ke6 31. Ne4 Nxe4 32. Kxe4 Kd6
33. Rg8 g5 34. Kf5 Be7 35. Rg6+ Kd5 36. c4+ Kd4 37. Rg7 Bf8 38. Rf7 1-0

[Event "Druga liga CS - Zapad 2018"]
[Site "?"]
[Date "2018.09.07"]
[Round "1.5"]
[White "Smailovic, Ramiz"]
[Black "Misojcic, Miroslav"]
[Result "1/2-1/2"]
[WhiteElo "2144"]
[BlackElo "2244"]
[PlyCount "117"]
[EventDate "2018.09.07"]
[WhiteTeam "TUTIN - Tutin"]
[BlackTeam "SLOBODA - Uzice"]

1. d4 d5 2. c4 e6 3. Nf3 c5 4. Nc3 Nf6 5. Bg5 cxd4 6. Nxd4 dxc4 7. e3 a6 8.
Bxc4 Be7 9. O-O O-O 10. Rc1 e5 11. Nf3 Nbd7 12. Bxf6 Bxf6 13. Nd5 Nb6 14. b3
Bg4 15. Nc3 Rc8 16. Ne4 Nxc4 17. bxc4 Be6 18. Qe2 Qe7 19. Nfd2 Rc7 20. Rc2 g6
21. Nxf6+ Qxf6 22. f4 exf4 23. Rxf4 Qe5 24. Nb3 Rfc8 25. Rd4 b5 26. Nd2 Bf5 27.
Rc3 Be6 28. Nf3 Qf6 29. Qd2 bxc4 30. h4 Rb7 31. Rf4 Qe7 32. Ng5 Rd7 33. Rd4
Rxd4 34. Qxd4 Rd8 35. Qf4 Rd3 36. Rxd3 cxd3 37. Nxe6 Qxe6 38. Qd4 Qxa2 39. Qd8+
Kg7 40. Qd4+ f6 41. Qxd3 Qe6 42. Qc3 Qb6 43. Qa3 a5 44. Qe7+ Kh6 45. g4 Qb4 46.
g5+ fxg5 47. Qxg5+ Kg7 48. Qe5+ Kf7 49. Qc7+ Qe7 50. Qxa5 Qxe3+ 51. Kg2 Kg7 52.
Qc7+ Kh6 53. Qf7 Qe4+ 54. Kg3 Qf5 55. Qc7 Qd3+ 56. Kg4 Qe4+ 57. Kg3 Qd4 58. Qe7
Qd3+ 59. Kf4 1/2-1/2

[Event "Druga liga CS - Zapad 2018"]
[Site "?"]
[Date "2018.09.07"]
[Round "1.5"]
[White "Pecinar, Zoran"]
[Black "Rizvanovic, Ibrahim"]
[Result "1-0"]
[WhiteElo "2150"]
[BlackElo "2147"]
[PlyCount "75"]
[EventDate "2018.09.07"]
[WhiteTeam "SLOBODA - Uzice"]
[BlackTeam "TUTIN - Tutin"]

1. c4 Nf6 2. Nc3 e6 3. e4 e5 4. Nf3 Nc6 5. Be2 Bb4 6. d3 d6 7. h3 h6 8. Be3 O-O
9. Qd2 a6 10. g4 Nh7 11. O-O-O b5 12. Rdg1 f6 13. h4 g5 14. hxg5 hxg5 15. Rh3
Rf7 16. Rgh1 Rg7 17. d4 Bxc3 18. Qxc3 b4 19. Qd2 a5 20. d5 Nb8 21. Ne1 Nd7 22.
Nd3 Ndf8 23. f3 Ba6 24. b3 Qd7 25. Nb2 Qe7 26. Na4 Bc8 27. c5 Ba6 28. c6 Bxe2
29. Qxe2 Qd8 30. Qb5 Qb8 31. Qxb8 Rxb8 32. Kd2 Ng6 33. Kd3 Nh4 34. Ke2 Ra8 35.
Bf2 Ng6 36. Kd3 Rb8 37. Kc4 Nh4 38. R1h2 1-0

[Event "Druga liga CS - Zapad 2018"]
[Site "?"]
[Date "2018.09.07"]
[Round "1.5"]
[White "Jovic, Branko"]
[Black "Knezevic, Veljko"]
[Result "0-1"]
[WhiteElo "2031"]
[BlackElo "2086"]
[PlyCount "89"]
[EventDate "2018.09.07"]
[WhiteTeam "TUTIN - Tutin"]
[BlackTeam "SLOBODA - Uzice"]

1. e4 c5 2. Nf3 Nc6 3. d4 cxd4 4. Nxd4 g6 5. Nc3 Bg7 6. Be3 Nf6 7. Be2 O-O 8.
O-O d6 9. Nb3 b6 10. f4 Bb7 11. Bf3 Nd7 12. Qd2 Na5 13. Nxa5 bxa5 14. Rab1 Nb6
15. b3 Rc8 16. Nd5 Nxd5 17. exd5 Rc3 18. Rbc1 Qc7 19. Bd4 Bxd4+ 20. Qxd4 Qb6
21. Rfd1 Rfc8 22. Be4 Ba6 23. f5 Re3 24. Qxb6 axb6 25. Re1 Rec3 26. Kf2 b5 27.
Re3 b4 28. Rxc3 Rxc3 29. Re1 Kg7 30. g4 g5 31. Re3 Rxe3 32. Kxe3 Kf6 33. Kd4
Be2 34. h3 Bf1 35. c3 Bxh3 36. cxb4 axb4 37. Kc4 Bxg4 38. Kxb4 Be2 39. Ka5 Ke5
40. Bh1 g4 41. Bg2 Bf3 42. Bf1 g3 43. b4 g2 44. Bxg2 Bxg2 45. Kb6 0-1

[Event "Druga liga CS - Zapad 2018"]
[Site "?"]
[Date "2018.09.07"]
[Round "1.5"]
[White "Zivanic, Slobodan"]
[Black "Demirovic, Omar"]
[Result "1/2-1/2"]
[WhiteElo "2068"]
[BlackElo "2063"]
[PlyCount "45"]
[EventDate "2018.09.07"]
[WhiteTeam "SLOBODA - Uzice"]
[BlackTeam "TUTIN - Tutin"]

1. e4 c6 2. d4 d5 3. Nc3 dxe4 4. Nxe4 Bf5 5. Ng3 Bg6 6. Nf3 Nd7 7. Bd3 e6 8.
O-O Ngf6 9. c4 Bd6 10. Qe2 O-O 11. Bxg6 hxg6 12. Rd1 Qc7 13. Ne4 Bf4 14. Nxf6+
gxf6 15. Qe4 Bxc1 16. Raxc1 Rfe8 17. Qd3 Rac8 18. b3 Qf4 19. Qd2 Qxd2 20. Rxd2
Nb6 21. Re1 Red8 22. Kf1 Rd7 23. Red1 1/2-1/2

[Event "Druga liga CS - Zapad 2018"]
[Site "?"]
[Date "2018.09.07"]
[Round "1.5"]
[White "Semsovic, Alija"]
[Black "Cvijovic, Marko"]
[Result "1-0"]
[WhiteElo "2063"]
[BlackElo "1654"]
[PlyCount "79"]
[EventDate "2018.09.07"]
[WhiteTeam "TUTIN - Tutin"]
[BlackTeam "SLOBODA - Uzice"]

1. e4 e5 2. Nf3 Nf6 3. Nc3 Bb4 4. Bc4 Bxc3 5. dxc3 d6 6. Bg5 h6 7. Be3 O-O 8.
Qd3 Ng4 9. O-O-O Qe7 10. h3 Nxe3 11. Qxe3 Be6 12. Qe2 Nd7 13. g4 Qf6 14. Bd5
Nc5 15. Rhe1 Bxd5 16. Rxd5 Ne6 17. Rdd1 Nf4 18. Qf1 a6 19. Re3 b5 20. Kb1 Rfb8
21. h4 Qe6 22. g5 h5 23. Ne1 Qg4 24. Rd2 Qxh4 25. Rg3 Ng6 26. Re2 Nf4 27. Ree3
Nd5 28. exd5 Qa4 29. g6 f5 30. Rh3 Qg4 31. Nd3 f4 32. Re1 Qxg6 33. Qh1 a5 34.
Rg1 Qf6 35. Rxh5 Kf7 36. Rgg5 Ke7 37. Rf5 Qg6 38. Qh4+ Kd7 39. Rfg5 Qe4 40.
Qg4+ 1-0

[Event "Druga liga CS - Zapad 2018"]
[Site "?"]
[Date "2018.09.07"]
[Round "1.6"]
[White "Stojanovic, Dobrisav"]
[Black "Ninov, Dayan"]
[Result "0-1"]
[WhiteElo "2303"]
[BlackElo "2255"]
[PlyCount "59"]
[EventDate "2018.09.07"]
[WhiteTeam "PRIKO- Prijepolje"]
[BlackTeam "KRUSEVAC - Krusevac"]

1. d4 d5 2. c4 c6 3. Nf3 Nf6 4. Nc3 dxc4 5. a4 Bf5 6. Ne5 Na6 7. f3 Nd7 8. Nxc4
e5 9. e4 exd4 10. exf5 dxc3 11. Qe2+ Be7 12. Nd6+ Kf8 13. Nxb7 Qb6 14. bxc3 Nc7
15. Qb2 Rb8 16. Qxb6 axb6 17. Bd3 Rxb7 18. Be4 Nd5 19. c4 Bb4+ 20. Kf2 Bc5+ 21.
Kg3 Ne7 22. Rd1 f6 23. a5 Kf7 24. axb6 Nxb6 25. Bf4 Ra8 26. Rxa8 Nxa8 27. h4
Nb6 28. Ra1 Bd4 29. Ra6 Rd7 30. Kh3 0-1

[Event "Druga liga CS - Zapad 2018"]
[Site "?"]
[Date "2018.09.07"]
[Round "1.6"]
[White "Jovicic, Radosav"]
[Black "Kahrovic, Mersid"]
[Result "0-1"]
[WhiteElo "2219"]
[BlackElo "2221"]
[PlyCount "146"]
[EventDate "2018.09.07"]
[WhiteTeam "KRUSEVAC - Krusevac"]
[BlackTeam "PRIKO- Prijepolje"]

1. d4 Nf6 2. Nf3 c5 3. d5 d6 4. Nc3 g6 5. e4 Bg7 6. Bb5+ Bd7 7. a4 Bxb5 8. axb5
Nbd7 9. O-O O-O 10. h3 Qc7 11. Bf4 Nb6 12. Qe2 Nfd7 13. Ra2 Rfe8 14. Rfa1 Nc8
15. Bh2 Rb8 16. h4 h6 17. h5 Kh7 18. hxg6+ fxg6 19. Nh4 Rg8 20. f4 Bd4+ 21. Kh1
c4 22. Rd1 Bf6 23. Nf3 Ndb6 24. e5 Bh8 25. Ne4 Qd7 26. e6 Qxb5 27. Qe1 Bf6 28.
g4 Bh8 29. f5 gxf5 30. gxf5 Bf6 31. Bf4 Rg4 32. Bc1 Qe8 33. Nxf6+ exf6 34. Nh2
Qh5 35. e7 Nxe7 36. Qxe7+ Rg7 37. Qe1 Re8 38. Qf1 Re2 39. Bf4 Nxd5 40. Rxd5
Rgg2 41. Qxg2 Re1+ 42. Qg1 Rxg1+ 43. Kxg1 Qf7 44. Rxd6 c3 45. b3 Qc7 46. Nf3 a6
47. Nd4 Qg7+ 48. Kf2 Qg4 49. Bh2 h5 50. Rxf6 Qxd4+ 51. Kf3 Qxf6 52. Ke4 Qc6+
53. Ke3 Qh1 54. Be5 Qb1 55. Ra4 Qxc2 56. Rc4 Qxf5 57. Bxc3 Qe6+ 58. Kd3 Kg6 59.
Kc2 a5 60. Bxa5 Qf5+ 61. Kc3 Qxa5+ 62. b4 Qe5+ 63. Kd3 Qd5+ 64. Rd4 Qxd4+ 65.
Kxd4 h4 66. Ke4 b5 67. Kf4 Kh5 68. Kf3 Kg5 69. Kg2 Kf4 70. Kh3 Ke4 71. Kxh4 Kd4
72. Kg4 Kc4 73. Kf3 Kxb4 0-1

[Event "Druga liga CS - Zapad 2018"]
[Site "?"]
[Date "2018.09.07"]
[Round "1.6"]
[White "Kijanovic, Igor"]
[Black "Djokic, Slavoljub"]
[Result "0-1"]
[WhiteElo "2118"]
[BlackElo "2122"]
[PlyCount "74"]
[EventDate "2018.09.07"]
[WhiteTeam "PRIKO- Prijepolje"]
[BlackTeam "KRUSEVAC - Krusevac"]

1. d4 c5 2. Nf3 cxd4 3. Nxd4 Nf6 4. g3 g6 5. Bg2 Bg7 6. O-O O-O 7. c4 Nc6 8.
Nc2 d6 9. Nc3 Be6 10. Nd5 Bxd5 11. cxd5 Ne5 12. b3 Rc8 13. Bb2 Qa5 14. Ne3 Nfg4
15. Nxg4 Nxg4 16. Bxg7 Kxg7 17. Bh3 Qb4 18. e4 f5 19. Bxg4 fxg4 20. Qxg4 Rc2
21. Qg5 Qxe4 22. Rae1 Re2 23. Rxe2 Qxe2 24. Qc1 Rf7 25. Qc3+ Kh6 26. a4 Rf3 27.
Qd4 b6 28. Rc1 Rd3 29. Qf4+ Kg7 30. Qc4 g5 31. h4 h6 32. hxg5 hxg5 33. a5 bxa5
34. Qc2 Qxc2 35. Rxc2 Rxb3 36. Rc7 Kf6 37. Rxa7 Rb5 0-1

[Event "Druga liga CS - Zapad 2018"]
[Site "?"]
[Date "2018.09.07"]
[Round "1.6"]
[White "Djordjevic, Gradimir"]
[Black "Brajovic, Miroljub"]
[Result "0-1"]
[WhiteElo "2003"]
[BlackElo "2111"]
[PlyCount "78"]
[EventDate "2018.09.07"]
[WhiteTeam "KRUSEVAC - Krusevac"]
[BlackTeam "PRIKO- Prijepolje"]

1. d4 Nf6 2. Nf3 d6 3. g3 Nbd7 4. Bg2 c6 5. O-O g6 6. c4 Qc7 7. Nc3 Bg7 8. e4
e5 9. dxe5 dxe5 10. h3 O-O 11. Be3 h6 12. Qd2 Kh7 13. Rfd1 Re8 14. Ne1 Bf8 15.
Na4 Nh5 16. Nd3 f5 17. exf5 gxf5 18. g4 Nhf6 19. gxf5 Nb6 20. Nxb6 axb6 21. f4
e4 22. Ne5 Bxf5 23. Qc3 Bg7 24. Qc2 c5 25. Rd2 Rg8 26. Kh2 Kh8 27. a3 Nh5 28.
Rd5 Nf6 29. Rd2 Rae8 30. Rf1 Nh5 31. Qd1 Nxf4 32. Bxf4 Bxe5 33. Bxe5+ Qxe5+ 34.
Kh1 e3 35. Re2 Be4 36. Rg1 Rg3 37. Bxe4 Rxh3+ 38. Kg2 Qg3+ 39. Kf1 Rf8+ 0-1

[Event "Druga liga CS - Zapad 2018"]
[Site "?"]
[Date "2018.09.07"]
[Round "1.6"]
[White "Djokic, Mihailo"]
[Black "Zajic, Milun"]
[Result "1-0"]
[WhiteElo "2127"]
[BlackElo "2006"]
[PlyCount "102"]
[EventDate "2018.09.07"]
[WhiteTeam "PRIKO- Prijepolje"]
[BlackTeam "KRUSEVAC - Krusevac"]

1. e4 d5 2. exd5 Qxd5 3. Nc3 Qd6 4. d4 Nf6 5. Bc4 a6 6. Bb3 b5 7. Qf3 c6 8.
Nge2 Bg4 9. Qd3 e6 10. Bf4 Qd8 11. Ng3 Nh5 12. Bxb8 Rxb8 13. Qe4 Nxg3 14. hxg3
Bf5 15. Qxc6+ Ke7 16. O-O-O Rb6 17. Qf3 Ke8 18. Kb1 h5 19. Rde1 Bg4 20. Qe3 a5
21. f3 Bf5 22. Qe5 Be7 23. Nd5 f6 24. Qf4 g5 25. Qc7 Qxc7 26. Nxc7+ Kd7 27.
Nxb5 Rxb5 28. Ba4 Rhb8 29. g4 hxg4 30. fxg4 Bb4 31. gxf5 Bxe1 32. Rxe1 Kd6 33.
Bxb5 Rxb5 34. Rxe6+ Kd5 35. c3 Rb8 36. b3 Rh8 37. Kc2 Rh1 38. Re2 Rf1 39. g4
Rg1 40. Kd3 Rxg4 41. c4+ Kd6 42. Re6+ Kd7 43. Rxf6 Rf4 44. Rg6 Rxf5 45. Ke4 Rf2
46. a4 Re2+ 47. Kd5 Rb2 48. Rg7+ Kc8 49. Rxg5 Rxb3 50. Kd6 Rb6+ 51. Kc5 Rb4 1-0

[Event "Druga liga CS - Zapad 2018"]
[Site "?"]
[Date "2018.09.07"]
[Round "1.6"]
[White "Pribanovic, Milivoje"]
[Black "Musovic, Sabrija"]
[Result "0-1"]
[WhiteElo "1871"]
[BlackElo "2005"]
[PlyCount "56"]
[EventDate "2018.09.07"]
[WhiteTeam "KRUSEVAC - Krusevac"]
[BlackTeam "PRIKO- Prijepolje"]

1. e4 c5 2. Nf3 d6 3. d4 cxd4 4. Nxd4 Nf6 5. Nc3 a6 6. Bg5 e6 7. f4 h6 8. Bh4
Be7 9. Qf3 Nc6 10. Nb3 Qc7 11. O-O-O Bd7 12. h3 b5 13. Bxf6 gxf6 14. a3 Rc8 15.
Bd3 b4 16. axb4 Nxb4 17. Kb1 Qb6 18. Rhe1 a5 19. Qe3 Qb8 20. Ne2 a4 21. Nbc1 h5
22. Na2 e5 23. f5 Bd8 24. Nxb4 Qxb4 25. Qd2 Qc5 26. c3 Ke7 27. Ka1 Ba5 28. Rb1
Ra8 0-1

[Event "Druga liga CS - Zapad 2018"]
[Site "?"]
[Date "2018.09.07"]
[Round "1.6"]
[White "Vizlina, Branisa"]
[Black "Ristic, Dejan D"]
[Result "1/2-1/2"]
[WhiteElo "2031"]
[BlackElo "1803"]
[PlyCount "52"]
[EventDate "2018.09.07"]
[WhiteTeam "PRIKO- Prijepolje"]
[BlackTeam "KRUSEVAC - Krusevac"]

1. e4 e5 2. Nf3 Nf6 3. d4 exd4 4. e5 Qe7 5. Be2 Nd5 6. Qxd4 Qb4+ 7. c3 Qxd4 8.
Nxd4 Nc6 9. Bf3 Nxd4 10. cxd4 Nb4 11. Be4 d5 12. exd6 f5 13. a3 Bxd6 14. Bd2
fxe4 15. axb4 O-O 16. O-O Be6 17. Bc3 Rf7 18. Nd2 Bd5 19. g3 c6 20. Rfe1 a6 21.
Nxe4 Bxe4 22. Rxe4 Raf8 23. f4 Rf5 24. Re6 Rd8 25. Rae1 Kf7 26. Kg2 Rd5 1/2-1/2